000 00680nam a2200217 a 4500
999 _c3343
_d3343
001 3343
003 BD-JhCC
005 20171112204558.0
008 171112s1969 bg ||||| |||| 00| 0 ben d
035 _a(BD-JhCC)3343
040 _aBD-JhCC
_dBD-JhCC
041 _aben
082 _a891.442
_bVAT 1969
100 _aভট্রাচার্য, রবি
245 _aআলো খুঁজে ফেরা :
_b(সামাজিক নাটক) /
_cরবি ভট্রাচার্য
260 _aবগুড়া :
_bসাহিত্য কুটির,
_c1969.
300 _a126 p. :
_c18 cm.
650 _aBengali Drama
942 _2ddc
_cBK